Butterflies

Bibliographic Details
Main Author: Woolard, Sarah
Format: Book
Published: Kuala Lumpur : Arus Intelek , 2000
Series:Graded Readers for ERLE (English Language Reinforcement and Enrichment)
Subjects:

MARC

LEADER 00000cam a2200000 7i4500
001 0000006387
005 20151222.0
008 070816
020 |a 9789831502600 
020 |a 9831502604 
090 0 0 |a NH   |b ENG 
100 1 |a Woolard, Sarah 
245 1 0 |a Butterflies   |c Sarah Woolard 
260 |a Kuala Lumpur :   |b Arus Intelek ,   |c 2000 
300 |a 32pg. :   |b col. ill. 
440 0 |a Graded Readers for ERLE (English Language Reinforcement and Enrichment) 
500 |a Children ages 10-12 years old (pink) 
650 0 |a Junior fiction   |x English   |x Languages 
650 0 |a Natural history 
999 |a 0000980222   |b Book   |c Children Collection   |e Perbadanan Perpustakaan Awam Johor 
999 |a 0000980223   |b Book   |c Children Collection   |e Cawangan Batu Pahat 
999 |a 0000980224   |b Book   |c Children Collection   |e Perbadanan Perpustakaan Awam Johor 
999 |a 0000980225   |b Book   |c Children Collection   |e Cawangan Tmn. Ungku Tun Aminah 
999 |a 0000980226   |b Book   |c Children Collection   |e Perbadanan Perpustakaan Awam Johor 
999 |a 0001139184   |b Book   |c Children Collection   |e Cawangan Mersing 
999 |a 0001139186   |b Book   |c Children Collection   |e Cawangan Batu Pahat 
999 |a 0001139188   |b Book   |c Children Collection   |e Cawangan Bandar Penawar 
999 |a 0001139189   |b Book   |c Children Collection   |e Cawangan Taman Sri Lambak 
999 |a 0001139191   |b Book   |c Children Collection   |e Cawangan Segamat 
999 |a 0001139194   |b Book   |c Children Collection   |e Cawangan Taman Universiti 
999 |a 0001139195   |b Book   |c Children Collection   |e Cawangan Batu Pahat 
999 |a 0001139197   |b Book   |c Children Collection   |e Cawangan Bandar Penawar